Loading...
| Current Events | 1 | 30.00 | 100% | 100% | 100% |
| Fine Arts - Auditory Fine Arts | 3 | 13.33 | 100% | 33% | 0% |
| Fine Arts - Other Fine Arts | 5 | 18.00 | 80% | 80% | 20% |
| Fine Arts - Visual Fine Arts | 1 | 10.00 | 0% | 100% | 0% |
| History - American History | 5 | 12.00 | 100% | 20% | 0% |
| History - European History | 4 | 17.50 | 100% | 75% | 0% |
| History - Other History | 3 | 13.33 | 67% | 33% | 33% |
| History - World History | 6 | 20.00 | 100% | 50% | 50% |
| Literature - American Literature | 6 | 8.33 | 83% | 0% | 0% |
| Literature - British Literature | 2 | 20.00 | 100% | 100% | 0% |
| Literature - European Literature | 7 | 21.43 | 100% | 71% | 43% |
| Literature - World Literature | 3 | 6.67 | 67% | 0% | 0% |
| Mythology | 6 | 8.33 | 83% | 0% | 0% |
| Philosophy | 4 | 10.00 | 100% | 0% | 0% |
| Pop Culture | 1 | 20.00 | 100% | 100% | 0% |
| Religion | 5 | 18.00 | 100% | 60% | 20% |
| Science - Biology | 4 | 10.00 | 50% | 50% | 0% |
| Science - Chemistry | 4 | 7.50 | 75% | 0% | 0% |
| Science - Other Science | 5 | 14.00 | 100% | 40% | 0% |
| Science - Physics | 2 | 10.00 | 100% | 0% | 0% |
| Social Science | 3 | 13.33 | 100% | 33% | 0% |